| 000 | 00719nam a2200229 i 4500 | ||
|---|---|---|---|
| 001 | 54059 | ||
| 003 | ES-MaACL | ||
| 005 | 20230906162905.0 | ||
| 007 | t| | ||
| 008 | 031124s2002 sp ||||1| spa d | ||
| 020 | _a84-95418-23-1 | ||
| 080 | _a821.134.2-14"19" | ||
| 100 | 1 |
_aAub, Max, _d1903-1972 _923783 |
|
| 245 | 1 | 0 |
_aImposible Sinaí / _cMax Aub ; introducción, edición y notas de Eleanor Londero. |
| 260 |
_aSegorbe : _bFundación Max Aub, _c2002. |
||
| 300 |
_a146 p. ; _c18 cm. |
||
| 490 | 1 |
_aBiblioteca "Max Aub". Narrativa ; _v11 |
|
| 700 | 1 |
_aLondero, Eleanor. _973215 |
|
| 830 | 0 |
_aBiblioteca "Max Aub". Narrativa ; _v11 _9230288 |
|
| 852 |
_aES-MaACL _jL-26686 _bR.132012 |
||
| 999 |
_c54059 _d54059 |
||